Welcome to CU Library Online Public Access Catalogue (OPAC)

A fresh new look at God / (Record no. 1191)

MARC details
000 -LEADER
fixed length control field 00502cam a2200181 a 4500
001 - CONTROL NUMBER
control field 1932990
005 - DATE AND TIME OF LATEST TRANSACTION
control field 20241114131053.0
008 - FIXED-LENGTH DATA ELEMENTS--GENERAL INFORMATION
fixed length control field 860827s1986 oru b 000 0 eng
020 ## - INTERNATIONAL STANDARD BOOK NUMBER
International Standard Book Number 0880701048 :
Terms of availability $8.95
050 00 - LIBRARY OF CONGRESS CALL NUMBER
Classification number BS1192.6
Item number .B29 1986
082 00 - DEWEY DECIMAL CLASSIFICATION NUMBER
Classification number 231
Edition information 19
100 1# - MAIN ENTRY--PERSONAL NAME
Personal name Baker, Don.
245 12 - TITLE STATEMENT
Title A fresh new look at God /
Statement of responsibility, etc. Don Baker.
260 ## - PUBLICATION, DISTRIBUTION, ETC.
Place of publication, distribution, etc. Portland, Oregon, USA.
Name of publisher, distributor, etc. Multnomah Press,
Date of publication, distribution, etc. c1986.
300 ## - PHYSICAL DESCRIPTION
Extent 164 pages. ;
Dimensions 22 cm.
650 #0 - SUBJECT ADDED ENTRY--TOPICAL TERM
Topical term or geographic name entry element God
General subdivision Biblical teaching.
942 ## - ADDED ENTRY ELEMENTS (KOHA)
Source of classification or shelving scheme Library of Congress Classification
Koha item type Books
Suppress in OPAC No
999 ## -
-- 1191
-- 1191
Holdings
Withdrawn status Lost status Source of classification or shelving scheme Damaged status Not for loan Collection Home library Current library Shelving location Date acquired Total checkouts Full call number Barcode Date last seen Copy number Price effective from Koha item type
    Library of Congress Classification     Non-fiction Law Library (Miotso) Law Library (Miotso) General stacks 11/14/2024   BS1192 BAK LLM00000946 11/14/2024 1 11/14/2024 Books
© 2023-2024 Copyright: Central University Libraries. All Rights Reserved | Created by: Mahone Tech Office